1075 1616 1791 1079 1519 1540 1427 1593 1382 1407 1518 1240 1982 1272 1755 1482 1118 1434 1260 1304 1217 1282 1080 1950 1824 1774 1123 1977 1061 1170 1919 1646 1752 1946 1594 1790 1093 1456 1947 1636 1764 1112 1424 1993 1336 1301 1816 1291 1027 1578 1486 1433 1440 1753 1296 1156 1798 1947 1356 1707 1101 1948 1955 1484 1476 1603 1430 1541 1927 1255 1682 1282 1681 1701 1167 1730 1415 1186 1918 1351 1732 1355 1992 1031 1190 1139 1700 1351 1650 1417 1460 1086 1825 1244 1943 1136 1550 1837 1388 BCNSPRNW ULIB Ver.6.0+V

เปลี่ยนเป็นภาษาไทย

Change to English
 แสดงรายละเอียดบรรณานุกรม
  กลับหน้าหลัก

Brief Record : Get Marc (ISO 2709) : E-mail record : QR code < ปิดหน้าต่าง
LEADER : 00000nam 2200000uu 4500
001    13399128694
003     ULIB
008    240702s2566||||th 000 0 tha d
020    ^a9786164262911
060 04 ^aWB460^bว828ก
100 0  ^aวีระพงษ์ ชิดนอก
245 10 ^aกายภาพบำบัดในผู้ป่วยภาวะวิกฤต =^bPhysical therapy in criticalpatients /^cวีระพงษ์ ชิดนอก และ เอกลักษณ์ กอบสาริกรณ์
246 3  ^aPhysical therapy in critical patients
250    ^aพิมพ์ครั้งที่ 5 (ฉบับปรับปรุง)
260    ^aพิษณุโลก :^bสำนักพิมพ์มหาวิทยาลัยนเรศวร,^c2566
300    ^aviii, 185 หน้า :^bภาพประกอบ ;^c26 ซม.
650  4 ^aกายภาพบำบัด
650  4 ^aภาวะวิกฤติ, การดูแล
700 0  ^aเอกลักษณ์ กอบสาริกรณ์
945    ^p380^l0^i010507
945    ^p380^l0^i010508
945    ^p380^l0^i010509
945    ^p380^l0^i010510
945    ^p380^l0^i010511
945    ^p380^l0^i010512
945    ^p380^l0^i010513
945    ^p380^l0^i010514
945    ^p380^l0^i010515
945    ^p380^l0^i010516
999    ^aประนอม เกษจรัล
รายการนี้ยังไม่มีแท็ก
คุณยังไม่ได้ล็อกอิน คุณสามารถมีกิจกรรมร่วมกับเว็บไซต์ได้ แต่ต้องล็อกอินก่อน ::
  ล็อกอิน

รายการสื่อสารสนเทศ

ลำดับที่ ประเภท เลขเรียก/บาร์โค้ด สถานที่ สถานะ
1. วิทยาศาสตร์การแพทย์ และสุขภาพ
หนังสือสำรอง
สถานะ=หนังสือสำรอง
WB460 ว828ก ฉ.1 
  Barcode: 010507
ห้องสมุดวิทยาเขตสวรรค์ประชารักษ์
►หนังสือทั่วไป
บนชั้น
2. วิทยาศาสตร์การแพทย์ และสุขภาพ
วิทยาศาสตร์การแพทย์ และสุขภาพ
WB460 ว828ก ฉ.10 
  Barcode: 010516
ห้องสมุดวิทยาเขตสวรรค์ประชารักษ์
►หนังสือทั่วไป
บนชั้น
3. วิทยาศาสตร์การแพทย์ และสุขภาพ
วิทยาศาสตร์การแพทย์ และสุขภาพ
WB460 ว828ก ฉ.2 
  Barcode: 010508
ห้องสมุดวิทยาเขตสวรรค์ประชารักษ์
►หนังสือทั่วไป
บนชั้น
4. วิทยาศาสตร์การแพทย์ และสุขภาพ
วิทยาศาสตร์การแพทย์ และสุขภาพ
WB460 ว828ก ฉ.3 
  Barcode: 010509
ห้องสมุดวิทยาเขตสวรรค์ประชารักษ์
►หนังสือทั่วไป
บนชั้น
5. วิทยาศาสตร์การแพทย์ และสุขภาพ
วิทยาศาสตร์การแพทย์ และสุขภาพ
WB460 ว828ก ฉ.4 
  Barcode: 010510
ห้องสมุดวิทยาเขตสวรรค์ประชารักษ์
►หนังสือทั่วไป
บนชั้น
6. วิทยาศาสตร์การแพทย์ และสุขภาพ
วิทยาศาสตร์การแพทย์ และสุขภาพ
WB460 ว828ก ฉ.5 
  Barcode: 010511
ห้องสมุดวิทยาเขตสวรรค์ประชารักษ์
►หนังสือทั่วไป
บนชั้น
7. วิทยาศาสตร์การแพทย์ และสุขภาพ
วิทยาศาสตร์การแพทย์ และสุขภาพ
WB460 ว828ก ฉ.6 
  Barcode: 010512
ห้องสมุดวิทยาเขตสวรรค์ประชารักษ์
►หนังสือทั่วไป
บนชั้น
8. วิทยาศาสตร์การแพทย์ และสุขภาพ
วิทยาศาสตร์การแพทย์ และสุขภาพ
WB460 ว828ก ฉ.7 
  Barcode: 010513
ห้องสมุดวิทยาเขตสวรรค์ประชารักษ์
►หนังสือทั่วไป
บนชั้น
9. วิทยาศาสตร์การแพทย์ และสุขภาพ
วิทยาศาสตร์การแพทย์ และสุขภาพ
WB460 ว828ก ฉ.8 
  Barcode: 010514
ห้องสมุดวิทยาเขตสวรรค์ประชารักษ์
►หนังสือทั่วไป
บนชั้น
10. วิทยาศาสตร์การแพทย์ และสุขภาพ
วิทยาศาสตร์การแพทย์ และสุขภาพ
WB460 ว828ก ฉ.9 
  Barcode: 010515
ห้องสมุดวิทยาเขตสวรรค์ประชารักษ์
►หนังสือทั่วไป
บนชั้น

รายการใกล้เคียง
    ผู้แต่ง [วีระพงษ์ ชิดนอก]

    หัวเรื่อง [กายภาพบำบัด]
    หัวเรื่อง [ภาวะวิกฤติ, การดูแล]

BibComment


ยังไม่เคยถูกคอมเมนท์

คอมเมนท์ทรัพยากรรายการนี้
  คอมเมนท์: กายภาพบำบัดในผู้..


 Copyright 2026. Bcnsprnw @Library